Vplyv externalít na podnikateľské prostredie bakalárska práca

Enregistré dans:
Détails bibliographiques
Auteur principal: Vedrődi, Ákos
Collectivité auteur: Fakulta podnikového manažmentu EU. Katedra podnikovohospodárska
Autres auteurs: Kintler, Jakub, 1979-
Format: Livre
Langue:slovaque
Publié: Bratislava 2019
Tags: Ajouter un tag
Pas de tags, Soyez le premier à ajouter un tag!

MARC

LEADER 00000nbm a2200000 4500
001 0255563
005 20191125141805.6
041 0 |a slo 
044 |a SK 
245 1 0 |a Vplyv externalít na podnikateľské prostredie  |b bakalárska práca  |c Ákos Vedrődi ; školiteľ: Jakub Kintler 
264 1 |a Bratislava  |c 2019 
300 |a 57 s. 
100 1 |a Vedrődi, Ákos 
700 1 |a Kintler, Jakub, 1979- 
710 2 |a Fakulta podnikového manažmentu EU. Katedra podnikovohospodárska